[Event "Titled Tuesday intern op 23rd Apr Late"]
[Site "Chess.com INT"]
[Date "2024.04.23"]
[Round "6"]
[White "Gruca, Miroslav"]
[Black "Mirzoev, Azer"]
[Result "0-1"]
[WhiteElo "2198"]
[BlackElo "2447"]
[PlyCount "80"]
[EventDate "2024.04.23"]
[EventType "swiss (blitz)"]
[EventRounds "11"]
[EventCountry "USA"]
[SourceTitle "CB18_2024"]
[SourceDate "2024.05.01"]
[SourceVersion "1"]
[SourceVersionDate "2024.05.01"]
[SourceQuality "2"]

1. d4 Nf6 2. Nc3 e6 3. e4 d5 4. exd5 Nxd5 5. Ne4 Nd7 6. Nf3 c5 7. dxc5 Nxc5 8. Nxc5 Bxc5 9. Bd3 Nb4 10. Bb5+ Bd7 11. Bxd7+ Qxd7 12. Qxd7+ Kxd7 13. 0-0 Nxc2 14. Rb1 Nb4 15. a3 Nd5 16. b4 Bd6 17. Bb2 f6 18. Rfe1 Rhe8 19. Nd4 Rad8 20. Rbd1 Be5 21. g3 a6 22. f4 Bxd4+ 23. Rxd4 Ke7 24. a4 Kf7 25. b5 axb5 26. axb5 Nb6 27. Rc1 Rxd4 28. Bxd4 Nd5 29. f5 exf5 30. Rc5 Rd8 31. Kf2 Rd7 32. Rc8 h5 33. b6 f4 34. Bc5 fxg3+ 35. hxg3 Kg6 36. Kf3 Kf5 37. Rh8 g6 38. Re8 Nc3 39. Rc8 Nb5 40. Be3 Nd4+ 0-1

[Event "Titled Tuesday intern op 23rd Apr Late"]
[Site "Chess.com INT"]
[Date "2024.04.23"]
[Round "3"]
[White "Horak, Martin"]
[Black "Gruca, Miroslav"]
[Result "1-0"]
[WhiteElo "2333"]
[BlackElo "2198"]
[PlyCount "59"]
[EventDate "2024.04.23"]
[EventType "swiss (blitz)"]
[EventRounds "11"]
[EventCountry "USA"]
[SourceTitle "CB18_2024"]
[SourceDate "2024.05.01"]
[SourceVersion "1"]
[SourceVersionDate "2024.05.01"]
[SourceQuality "2"]

1. e4 c6 2. Nf3 d5 3. Nc3 dxe4 4. Nxe4 Nf6 5. Qe2 Nxe4 6. Qxe4 Nd7 7. Bc4 Nf6 8. Ne5 e6 9. Qe2 b5 10. Bd3 Qc7 11. a4 b4 12. b3 Nd5 13. g3 Be7 14. Bb2 Bf6 15. 0-0-0 0-0 16. f4 a5 17. h4 c5 18. h5 Bb7 19. Qe4 g6 20. hxg6 Nc3 21. gxf7+ Rxf7 22. Qe3 Bxe5 23. dxc3 Bxh1 24. Rxh1 bxc3 25. Ba1 Bd4 26. Qxe6 Kf8 27. Qc4 Re8 28. Bxc3 Qe7 29. Bxa5 Qe3+ 30. Kb1 1-0

[Event "Titled Tuesday intern op 16th Apr Late"]
[Site "Chess.com INT"]
[Date "2024.04.16"]
[Round "10"]
[White "Gruca, Miroslav"]
[Black "Mangialardo, Tiago Carvalho"]
[Result "1-0"]
[WhiteElo "2198"]
[BlackElo "1979"]
[PlyCount "43"]
[EventDate "2024.04.16"]
[EventType "swiss (blitz)"]
[EventRounds "11"]
[EventCountry "USA"]
[SourceTitle "CB17_2024"]
[SourceDate "2024.04.24"]
[SourceVersion "1"]
[SourceVersionDate "2024.04.24"]
[SourceQuality "1"]

1. d4 Nf6 2. Nc3 c5 3. dxc5 Qa5 4. e4 Nxe4 5. Bd2 Nxd2 6. Qxd2 Qxc5 7. 0-0-0 g6 8. Ne4 Qe5 9. Bd3 Bg7 10. c3 0-0 11. Nf3 Qa5 12. h4 Qxa2 13. h5 d5 14. Bb1 Qa1 15. Ng3 Nc6 16. hxg6 hxg6 17. Qxd5 Be6 18. Qe4 Na5 19. Nd2 Rfd8 20. Qb4 Rac8 21. Qa3 Qxa3 22. bxa3 1-0

[Event "Titled Tuesday intern op 02nd Apr Late"]
[Site "Chess.com INT"]
[Date "2024.04.02"]
[Round "4"]
[White "Chabris, Christopher"]
[Black "Gruca, Miroslav"]
[Result "0-1"]
[WhiteElo "2054"]
[BlackElo "2198"]
[PlyCount "68"]
[EventDate "2024.04.02"]
[EventType "swiss (blitz)"]
[EventRounds "11"]
[EventCountry "USA"]
[SourceTitle "CB15_2024"]
[SourceDate "2024.04.10"]
[SourceVersion "1"]
[SourceVersionDate "2024.04.10"]
[SourceQuality "1"]

1. e4 c6 2. d4 d5 3. e5 c5 4. c3 Nc6 5. Be2 cxd4 6. cxd4 Bf5 7. Nf3 e6 8. 0-0 Nge7 9. Nc3 Bg4 10. Ne1 Bxe2 11. Nxe2 Nf5 12. g4 Nfe7 13. f4 h5 14. f5 hxg4 15. fxe6 fxe6 16. Nf4 Qd7 17. Qxg4 Nxd4 18. Ng6 Nxg6 19. Qxg6+ Kd8 20. Rf7 Qe8 21. Bg5+ Kc8 22. Rc1+ Nc6 23. Nd3 Kb8 24. h4 a6 25. h5 Ka7 26. Be3+ d4 27. Bf2 Rh6 28. Rxb7+ Kxb7 29. Qe4 Rc8 30. b4 Qxh5 31. Kf1 Qh1+ 32. Qxh1 Rxh1+ 33. Ke2 Rxc1 34. Nxc1 Nxe5 0-1

[Event "Titled Tuesday intern op 02nd Apr Late"]
[Site "Chess.com INT"]
[Date "2024.04.02"]
[Round "8"]
[White "Escalante, Rafael"]
[Black "Gruca, Miroslav"]
[Result "1/2-1/2"]
[WhiteElo "2205"]
[BlackElo "2198"]
[PlyCount "80"]
[EventDate "2024.04.02"]
[EventType "swiss (blitz)"]
[EventRounds "11"]
[EventCountry "USA"]
[SourceTitle "CB15_2024"]
[SourceDate "2024.04.10"]
[SourceVersion "1"]
[SourceVersionDate "2024.04.10"]
[SourceQuality "1"]

1. Nf3 d5 2. d4 e6 3. c4 c6 4. e3 f5 5. Bd3 Nf6 6. 0-0 Bd6 7. b3 Qe7 8. a4 a5 9. Ba3 Bxa3 10. Nxa3 0-0 11. Qc2 b6 12. Rfc1 Ne4 13. cxd5 exd5 14. Ne5 Bb7 15. f3 Nd6 16. f4 g6 17. Nb1 Rc8 18. Nd2 Na6 19. Bxa6 Rxa6 20. Qb2 c5 21. Qa3 Ne4 22. Nxe4 dxe4 23. Rc2 Bd5 24. Rac1 Ra7 25. dxc5 Rac7 26. b4 axb4 27. Qxb4 Rxc5 28. Rxc5 Rxc5 29. Rd1 Qc7 30. h3 Rc1 31. Qd2 Rxd1+ 32. Qxd1 Qc5 33. Kf2 Kg7 34. Qd2 Bc6 35. Qb2 Kg8 36. Nxc6 Qxc6 37. Qb3+ Kg7 38. Qb2+ Kg8 39. Qb3+ Kg7 40. Qb2+ Kg8 1/2-1/2

[Event "Titled Tuesday intern op 02nd Apr Late"]
[Site "Chess.com INT"]
[Date "2024.04.02"]
[Round "2"]
[White "Gruca, Miroslav"]
[Black "Dmitrenko, Viktor"]
[Result "0-1"]
[WhiteElo "2198"]
[BlackElo "2395"]
[PlyCount "70"]
[EventDate "2024.04.02"]
[EventType "swiss (blitz)"]
[EventRounds "11"]
[EventCountry "USA"]
[SourceTitle "CB15_2024"]
[SourceDate "2024.04.10"]
[SourceVersion "1"]
[SourceVersionDate "2024.04.10"]
[SourceQuality "1"]

1. d4 e6 2. e4 d5 3. Nc3 Bb4 4. exd5 exd5 5. Bd3 Nc6 6. Nge2 Nf6 7. 0-0 0-0 8. Bg5 Be7 9. Ng3 Nb4 10. Re1 Nxd3 11. Qxd3 h6 12. Bf4 c6 13. Nf5 Bb4 14. Nxh6+ gxh6 15. Bxh6 Qd7 16. Bxf8 Bxf8 17. Qg3+ Qg4 18. Qxg4+ Bxg4 19. f3 Bf5 20. Re2 Bd6 21. g4 Be6 22. Rae1 Kf8 23. h4 Bg3 24. Rd1 Bxh4 25. Rh2 Bg5 26. Rh8+ Ng8 27. Ne2 Re8 28. f4 Bf6 29. Rh2 Bxg4 30. Rd2 Bf5 31. Ng3 Bg4 32. Kf2 Bg7 33. Nh5 Bxh5 34. Rxh5 Nf6 35. Kf3 Nxh5 0-1

[Event "SVK-chT2A 2223"]
[Site "Slovakia"]
[Date "2023.03.26"]
[Round "11.2"]
[White "Gruca, Miroslav"]
[Black "Skreko, Igor1111"]
[Result "1-0"]
[WhiteElo "2150"]
[BlackElo "1950"]
[PlyCount "107"]
[EventDate "2022.10.08"]
[EventType "team-tourn"]
[EventRounds "11"]
[EventCountry "SVK"]
[SourceTitle "EXT 2024"]
[Source "ChessBase"]
[SourceDate "2023.10.10"]
[SourceVersion "1"]
[SourceVersionDate "2023.10.10"]
[SourceQuality "1"]
[WhiteTeam "Senec"]
[BlackTeam "Modranka Komplet"]
[WhiteTeamCountry "SVK"]
[BlackTeamCountry "SVK"]

1. d4 Nf6 2. c4 g6 3. Nc3 Bg7 4. e4 d6 5. h3 0-0 6. Be3 e5 7. d5 a5 8. g4 Na6 9. Nge2 Bd7 10. Ng3 c6 11. Be2 Qb8 12. Na4 cxd5 13. Nb6 d4 14. Bg5 Nc5 15. Nxa8 Qxa8 16. f3 Qb8 17. a4 Qc7 18. b3 Bc6 19. Bd3 Nfd7 20. Bc2 Ne6 21. Bc1 Bf6 22. h4 Ndc5 23. Bh6 Re8 24. Ne2 Qd8 25. g5 Bh8 26. Rb1 Nf4 27. Nxf4 exf4 28. Kf1 Qe7 29. Rh2 d3 30. Bxd3 Bd4 31. Qc2 Qe5 32. h5 Be3 33. hxg6 fxg6 34. Rd1 Ne6 35. Qg2 Bc5 36. Bc2 Nd4 37. Qh3 Re7 38. Rhd2 Bd7 39. Qg2 Be6 40. Rxd4 Bxd4 41. Qd2 Bc5 42. Qxa5 Bh3+ 43. Ke2 Re8 44. Rd3 Qe6 45. Qc3 Re7 46. b4 Be3 47. Bb3 Bf1+ 48. Kd1 Bxd3 49. c5 d5 50. Bxd5 Qxd5 51. exd5 Be2+ 52. Kc2 Kf7 53. d6 Rd7 54. Qf6+ 1-0

[Event "SVK-chT2A 2223"]
[Site "Slovakia"]
[Date "2023.03.25"]
[Round "10.3"]
[White "Gruca, Miroslav"]
[Black "Bury, Rastislav"]
[Result "1-0"]
[WhiteElo "2150"]
[BlackElo "2121"]
[PlyCount "109"]
[EventDate "2022.10.08"]
[EventType "team-tourn"]
[EventRounds "11"]
[EventCountry "SVK"]
[SourceTitle "EXT 2024"]
[Source "ChessBase"]
[SourceDate "2023.10.10"]
[SourceVersion "1"]
[SourceVersionDate "2023.10.10"]
[SourceQuality "1"]
[WhiteTeam "Senec"]
[BlackTeam "Osuske II"]
[WhiteTeamCountry "SVK"]
[BlackTeamCountry "SVK"]

1. d4 d5 2. c4 e6 3. Nc3 Nf6 4. cxd5 exd5 5. Bg5 Be7 6. e3 0-0 7. Bd3 h6 8. Bh4 Re8 9. Nge2 Nbd7 10. 0-0 c6 11. f3 Nf8 12. Qc2 c5 13. Rad1 cxd4 14. Nxd4 Bd7 15. Nf5 Bxf5 16. Bxf5 Qb6 17. Kh1 g6 18. Bh3 Rad8 19. Rd3 Qa6 20. Rfd1 g5 21. Bg3 Bc5 22. Bc7 Ra8 23. Nxd5 Nxd5 24. Rxd5 b6 25. e4 Qxa2 26. e5 Ne6 27. Bxe6 Rxe6 28. h4 gxh4 29. f4 Rc8 30. Bd8 Rg6 31. Bf6 Qa6 32. Qd2 Kh7 33. Rd7 Rf8 34. b4 h3 35. bxc5 Qa3 36. Rd3 hxg2+ 37. Kg1 Qxc5+ 38. Qf2 Qxf2+ 39. Kxf2 Rg4 40. Rf3 Rc8 41. Kg1 Rc2 42. Re1 b5 43. f5 Rcc4 44. e6 fxe6 45. fxe6 Rce4 46. Rfe3 Rxe3 47. Rxe3 Rg8 48. e7 Re8 49. Rg3 h5 50. Rg7+ Kh8 51. Kxg2 b4 52. Kg3 b3 53. Kh4 a5 54. Kxh5 a4 55. Kg6 1-0

[Event "SVK-chT2A 2122"]
[Site "Slovakia"]
[Date "2022.04.30"]
[Round "10.5"]
[White "Gruca, Miroslav"]
[Black "Mikudik, Ivan"]
[Result "1/2-1/2"]
[WhiteElo "2155"]
[BlackElo "1882"]
[PlyCount "122"]
[EventDate "2021.10.16"]
[EventType "team-tourn"]
[EventRounds "11"]
[EventCountry "SVK"]
[SourceTitle "EXT 2023"]
[Source "ChessBase"]
[SourceDate "2022.10.05"]
[SourceVersion "1"]
[SourceVersionDate "2022.10.05"]
[SourceQuality "1"]
[WhiteTeam "Senec"]
[BlackTeam "Krasnany"]
[WhiteTeamCountry "SVK"]
[BlackTeamCountry "SVK"]

1. d4 Nf6 2. c4 e6 3. Nc3 b6 4. Nf3 Bb7 5. g3 Be7 6. Bg2 d6 7. Qc2 c5 8. e4 Nc6 9. d5 Nd4 10. Qa4+ Nd7 11. dxe6 fxe6 12. 0-0 0-0 13. Qd1 Bf6 14. Nd2 Qe7 15. f4 e5 16. Nd5 Bxd5 17. cxd5 b5 18. Re1 a5 19. a4 Rfb8 20. axb5 Rxb5 21. Ra3 Qd8 22. Nc4 Nb6 23. Ne3 Qc7 24. Bf1 c4 25. Kh1 Rc5 26. Bd2 exf4 27. Ng4 Nd7 28. gxf4 Nb5 29. Nxf6+ Nxf6 30. Rg3 c3 31. Bc1 Re8 32. Bxb5 Rxb5 33. Rxc3 Qd7 34. Rce3 Rb4 35. Qc2 Ng4 36. R3e2 h5 37. Bd2 Rb5 38. Qc6 Qxc6 39. dxc6 Rc5 40. h3 Nf6 41. Bc3 Rxc6 42. Bxa5 Rc4 43. e5 dxe5 44. fxe5 Nd5 45. Bd2 Re6 46. Rc1 Rxc1+ 47. Bxc1 Rc6 48. Bg5 Kf7 49. Kg2 Ke6 50. Kg3 Rc4 51. Kf3 Rb4 52. h4 Nb6 53. Be3 Nd5 54. Bf2 Ne7 55. Ke3 Nf5+ 56. Kd3 Rg4 57. Re4 Rg2 58. Bd4 g5 59. hxg5 Rxg5 60. Kc4 Rg4 61. Rxg4 hxg4 1/2-1/2

[Event "SVK-chT2A 2122"]
[Site "Slovakia"]
[Date "2021.10.17"]
[Round "2.2"]
[White "Cajka, Tibor"]
[Black "Gruca, Miroslav"]
[Result "1/2-1/2"]
[WhiteElo "2133"]
[BlackElo "2151"]
[PlyCount "30"]
[EventDate "2021.10.16"]
[EventType "team-tourn"]
[EventRounds "11"]
[EventCountry "SVK"]
[SourceTitle "EXT 2023"]
[Source "ChessBase"]
[SourceDate "2022.10.05"]
[SourceVersion "1"]
[SourceVersionDate "2022.10.05"]
[SourceQuality "1"]
[WhiteTeam "Osuske II"]
[BlackTeam "Senec"]
[WhiteTeamCountry "SVK"]
[BlackTeamCountry "SVK"]

1. c4 e5 2. Nc3 Nf6 3. e4 Bc5 4. d3 h6 5. Rb1 Nc6 6. a3 a5 7. g3 d6 8. Bg2 0-0 9. Nge2 Be6 10. Nd5 Nd4 11. Nxd4 Bxd4 12. Nxf6+ Qxf6 13. 0-0 Qg6 14. Be3 Bxe3 15. fxe3 b6 1/2-1/2

[Event "SVK-chT2A 1819"]
[Site "Slovakia"]
[Date "2018.12.15"]
[Round "5.3"]
[White "Arendas, Marek"]
[Black "Gruca, Miroslav"]
[Result "1/2-1/2"]
[WhiteElo "2122"]
[BlackElo "2177"]
[PlyCount "36"]
[EventDate "2018.10.13"]
[EventType "team-tourn"]
[EventRounds "11"]
[EventCountry "SVK"]
[SourceTitle "CBM 189 Extra"]
[Source "ChessBase"]
[SourceDate "2019.06.03"]
[SourceVersion "1"]
[SourceVersionDate "2019.06.03"]
[SourceQuality "1"]
[WhiteTeam "Trnava Lokomotiva"]
[BlackTeam "Senec"]
[WhiteTeamCountry "SVK"]
[BlackTeamCountry "SVK"]

1. e4 b6 2. d4 Bb7 3. Bd3 e6 4. Nf3 c5 5. 0-0 cxd4 6. Nxd4 Nc6 7. Be3 Bc5 8. Nxc6 Bxc6 9. Bxc5 bxc5 10. c4 Qb6 11. Qd2 Ne7 12. Nc3 0-0 13. Rab1 Ng6 14. f4 f6 15. Bc2 Qb4 16. Qe2 Rae8 17. a3 Qb6 18. Qf2 Rd8 1/2-1/2

[Event "SVK-chT2A 1819"]
[Site "Slovakia"]
[Date "2018.11.18"]
[Round "4.3"]
[White "Kolcak, Marek"]
[Black "Gruca, Miroslav"]
[Result "1/2-1/2"]
[WhiteElo "2138"]
[BlackElo "2177"]
[PlyCount "61"]
[EventDate "2018.10.13"]
[EventType "team-tourn"]
[EventRounds "11"]
[EventCountry "SVK"]
[SourceTitle "CBM 189 Extra"]
[Source "ChessBase"]
[SourceDate "2019.06.03"]
[SourceVersion "1"]
[SourceVersionDate "2019.06.03"]
[SourceQuality "1"]
[WhiteTeam "Bratislava Slovan IV"]
[BlackTeam "Senec"]
[WhiteTeamCountry "SVK"]
[BlackTeamCountry "SVK"]

1. e4 b6 2. d4 Bb7 3. Nc3 e6 4. Nf3 Bb4 5. Bd3 Nf6 6. Bg5 h6 7. Bxf6 Bxc3+ 8. bxc3 Qxf6 9. 0-0 0-0 10. c4 d6 11. a4 a5 12. e5 Qe7 13. Qe2 Nd7 14. Be4 Bxe4 15. Qxe4 dxe5 16. Nxe5 Nxe5 17. Qxe5 Rfd8 18. c3 Qd6 19. Rfe1 Rac8 20. Rab1 c5 21. d5 exd5 22. cxd5 Qxd5 23. Qxd5 Rxd5 24. Rxb6 Rd2 25. g3 Ra2 26. Rb7 Rxa4 27. Ree7 Rf8 28. Ra7 Rc4 29. Rxa5 Rxc3 30. Rc7 c4 31. Rac5 1/2-1/2

[Event "SVK-chT2A 1819"]
[Site "Slovakia"]
[Date "2018.10.14"]
[Round "2.3"]
[White "Gruca, Miroslav"]
[Black "Bronis, Marian"]
[Result "1-0"]
[WhiteElo "2177"]
[BlackElo "2081"]
[PlyCount "73"]
[EventDate "2018.10.13"]
[EventType "team-tourn"]
[EventRounds "11"]
[EventCountry "SVK"]
[SourceTitle "CBM 189 Extra"]
[Source "ChessBase"]
[SourceDate "2019.06.03"]
[SourceVersion "1"]
[SourceVersionDate "2019.06.03"]
[SourceQuality "1"]
[WhiteTeam "Senec"]
[BlackTeam "Krasnany"]
[WhiteTeamCountry "SVK"]
[BlackTeamCountry "SVK"]

1. b3 a5 2. a4 e5 3. Bb2 d6 4. e3 Nf6 5. d4 Nbd7 6. Nf3 e4 7. Nfd2 d5 8. Ba3 Bxa3 9. Nxa3 0-0 10. c4 c5 11. Be2 cxd4 12. exd4 dxc4 13. bxc4 Nb6 14. Nb5 Bd7 15. Nb3 Qe7 16. 0-0 Rfd8 17. Nc5 Bc6 18. Qb3 Nbd7 19. Nxd7 Nxd7 20. Qe3 f5 21. Nc3 b6 22. f3 Re8 23. d5 Bb7 24. fxe4 fxe4 25. Rf4 Nc5 26. Rb1 Qd6 27. Rbf1 Re7 28. Qf2 Re5 29. Nb5 Qd8 30. Qg3 Qg5 31. Rg4 Qe7 32. d6 Qe6 33. Rxg7+ Kh8 34. Rff7 Qh6 35. Qxe5 Qe3+ 36. Kh1 Qc1+ 37. Bf1 1-0

[Event "SVK-chT2A 1718"]
[Site "Slovakia"]
[Date "2018.01.14"]
[Round "6.3"]
[White "Gruca, Miroslav"]
[Black "Biro, Karol"]
[Result "1-0"]
[WhiteElo "2171"]
[BlackElo "2075"]
[PlyCount "69"]
[EventDate "2017.10.28"]
[EventType "team-tourn"]
[EventRounds "11"]
[EventCountry "SVK"]
[SourceTitle "EXT 2019"]
[Source "ChessBase"]
[SourceDate "2018.10.10"]
[SourceVersion "1"]
[SourceVersionDate "2018.10.10"]
[SourceQuality "1"]
[WhiteTeam "Senec"]
[BlackTeam "Krasnany"]
[WhiteTeamCountry "SVK"]
[BlackTeamCountry "SVK"]

1. e4 c5 2. Nc3 e6 3. f4 d5 4. e5 Nc6 5. Nf3 Nh6 6. Bb5 Bd7 7. Bxc6 Bxc6 8. 0-0 d4 9. Ne2 d3 10. Ng3 c4 11. h3 g6 12. c3 Bc5+ 13. Kh2 Nf5 14. b3 Nxg3 15. Kxg3 b5 16. a4 a6 17. Ba3 Bxa3 18. Rxa3 0-0 19. Nd4 Bd5 20. b4 bxa4 21. Rxa4 f6 22. Qe1 Qc7 23. Ra1 g5 24. Nf3 gxf4+ 25. Kh2 Kh8 26. exf6 Rxf6 27. Qe5 Qg7 28. Kh1 Rg8 29. Rf2 h6 30. Rg1 Kh7 31. Qd4 Qg3 32. Qxf6 Qxf2 33. Qxf4 Rg3 34. Qf7+ Rg7 35. Ng5+ 1-0

[Event "SVK-chT2A 1718"]
[Site "Slovakia"]
[Date "2018.01.13"]
[Round "5.3"]
[White "Gruca, Miroslav"]
[Black "Darazs, Zoltan"]
[Result "0-1"]
[WhiteElo "2171"]
[BlackElo "2175"]
[PlyCount "50"]
[EventDate "2017.10.28"]
[EventType "team-tourn"]
[EventRounds "11"]
[EventCountry "SVK"]
[SourceTitle "EXT 2019"]
[Source "ChessBase"]
[SourceDate "2018.10.10"]
[SourceVersion "1"]
[SourceVersionDate "2018.10.10"]
[SourceQuality "1"]
[WhiteTeam "Senec"]
[BlackTeam "Potonska Veza"]
[WhiteTeamCountry "SVK"]
[BlackTeamCountry "SVK"]

1. b3 Nf6 2. Bb2 g6 3. e4 d6 4. f4 Bg7 5. Nf3 0-0 6. d3 e5 7. fxe5 Ng4 8. Nc3 Nxe5 9. Qe2 a5 10. 0-0-0 a4 11. Nxe5 dxe5 12. Qe3 axb3 13. axb3 Nc6 14. Be2 Nd4 15. Bf3 b5 16. Ne2 c5 17. Nxd4 exd4 18. Qd2 Be6 19. Rde1 c4 20. dxc4 bxc4 21. bxc4 Qb6 22. c5 Qb5 23. Be2 Qa4 24. e5 Rfb8 25. Qxd4 Bh6+ 0-1

[Event "SVK-chT2A 1617"]
[Site "Slovakia"]
[Date "2017.02.11"]
[Round "8.2"]
[White "Gruca, Miroslav"]
[Black "Kapusta, Petr"]
[Result "0-1"]
[WhiteElo "2214"]
[BlackElo "2231"]
[PlyCount "92"]
[EventDate "2016.10.08"]
[EventType "team-tourn"]
[EventRounds "11"]
[EventCountry "SVK"]
[SourceTitle "EXT 2018"]
[Source "ChessBase"]
[SourceDate "2017.10.13"]
[SourceVersion "1"]
[SourceVersionDate "2017.10.13"]
[SourceQuality "1"]
[WhiteTeam "Senec"]
[BlackTeam "Skalica"]
[WhiteTeamCountry "SVK"]
[BlackTeamCountry "SVK"]

1. e4 c5 2. c3 d5 3. exd5 Qxd5 4. d4 e5 5. dxe5 Qxd1+ 6. Kxd1 Nc6 7. f4 Bg4+ 8. Ke1 0-0-0 9. Nd2 f6 10. Bb5 Nge7 11. Ngf3 fxe5 12. fxe5 a6 13. Bxc6 Nxc6 14. Kf2 Be7 15. Re1 Rhf8 16. Kg3 h5 17. h3 Be6 18. Ne4 Rd3 19. Bg5 Bxg5 20. Nexg5 Bd5 21. e6 Ne7 22. Rad1 Rxd1 23. Rxd1 Bxa2 24. Kf2 Bd5 25. b4 cxb4 26. cxb4 Rf6 27. Rc1+ Nc6 28. Rc5 Bxe6 29. Nxe6 Rxe6 30. Nd4 Rf6+ 31. Ke3 g6 32. Nxc6 Rxc6 33. Rg5 Rb6 34. Kd3 Rxb4 35. Rxg6 h4 36. Kc3 a5 37. Rg5 b6 38. Rg7 Rf4 39. Kb3 b5 40. Ka3 Re4 41. Ra7 a4 42. Rg7 Re3+ 43. Kb4 Rb3+ 44. Kc5 a3 45. Ra7 b4 46. Kc4 Rb2 0-1

[Event "SVK-chT2A 1617"]
[Site "Slovakia"]
[Date "2016.10.09"]
[Round "2.3"]
[White "Gruca, Miroslav"]
[Black "Biro, Karol"]
[Result "1-0"]
[WhiteElo "2214"]
[BlackElo "2087"]
[PlyCount "117"]
[EventDate "2016.10.08"]
[EventType "team-tourn"]
[EventRounds "11"]
[EventCountry "SVK"]
[SourceTitle "CBM 175 Extra"]
[Source "ChessBase"]
[SourceDate "2016.12.12"]
[SourceVersion "1"]
[SourceVersionDate "2016.12.12"]
[SourceQuality "1"]
[WhiteTeam "Senec"]
[BlackTeam "Krasnany"]
[WhiteTeamCountry "SVK"]
[BlackTeamCountry "SVK"]

1. e4 e6 2. d4 d5 3. Nc3 Nf6 4. e5 Nfd7 5. f4 c5 6. Nf3 Nc6 7. Be3 a6 8. Qd2 cxd4 9. Nxd4 Nc5 10. Qf2 Nxd4 11. Bxd4 Qc7 12. Bd3 Bd7 13. 0-0 g6 14. Rac1 b5 15. b4 Nxd3 16. cxd3 Qb7 17. Qb2 Rc8 18. Ne2 Bc6 19. Bc5 d4 20. Nxd4 Bd5 21. Bxf8 Rxf8 22. Rxc8+ Qxc8 23. Rc1 Qb7 24. Nb3 Bxb3 25. Qxb3 Kd7 26. Qc3 Rd8 27. g3 Ke8 28. Qc6+ Qxc6 29. Rxc6 Rxd3 30. Rxa6 Rd2 31. Ra7 Rb2 32. a3 Ra2 33. Ra5 h6 34. Rxb5 Rxa3 35. Kg2 Ra2+ 36. Kh3 Rb2 37. Rb8+ Ke7 38. b5 h5 39. b6 Kd7 40. Rf8 Ke7 41. Rb8 Kd7 42. Kh4 Rxh2+ 43. Kg5 Rg2 44. Kf6 Rxg3 45. Rf8 Kc6 46. Rxf7 Kxb6 47. Kxe6 Kc6 48. Kf6 Rg4 49. e6 Rxf4+ 50. Kxg6 Re4 51. Kf6 h4 52. Ke7 Kd5 53. Rf5+ Kc6 54. Rh5 Ra4 55. Rh6 Kc7 56. Ke8 Rf4 57. e7 Re4 58. Rh7 Rg4 59. Kf8 1-0

[Event "SVK-chT1W 1415"]
[Site "Slovakia"]
[Date "2014.11.29"]
[Round "3.4"]
[White "Petran, Peter"]
[Black "Gruca, Miroslav"]
[Result "1-0"]
[WhiteElo "2330"]
[BlackElo "2220"]
[PlyCount "105"]
[EventDate "2014.10.18"]
[EventType "team-tourn"]
[EventRounds "11"]
[EventCountry "SVK"]
[SourceTitle "EXT 2016"]
[Source "ChessBase"]
[SourceDate "2015.10.08"]
[SourceVersion "1"]
[SourceVersionDate "2015.10.08"]
[SourceQuality "1"]
[WhiteTeam "Bratislava Slovan III"]
[BlackTeam "Trencin SK"]
[WhiteTeamCountry "SVK"]
[BlackTeamCountry "SVK"]

1. c4 e5 2. Nc3 Nc6 3. g3 Nf6 4. Bg2 Bb4 5. Nf3 d6 6. 0-0 0-0 7. Qc2 h6 8. a3 Bxc3 9. Qxc3 Be6 10. d3 Qd7 11. Rd1 Rae8 12. b4 b6 13. Bb2 Bh3 14. Bh1 Ng4 15. d4 Qf5 16. dxe5 dxe5 17. e4 Qf6 18. Qe1 Qe6 19. Rac1 Rd8 20. Rd5 Rfe8 21. Rcd1 Ra8 22. Qe2 Qc8 23. Bg2 Bxg2 24. Kxg2 Ne7 25. R5d2 Ng6 26. Ne1 Nf6 27. Nc2 a5 28. b5 Nf8 29. f3 N8d7 30. Ne3 Nc5 31. Nd5 Nxd5 32. cxd5 Nb3 33. Rc2 Qd7 34. a4 Nc5 35. Rc4 f5 36. Rdc1 fxe4 37. fxe4 Qd8 38. Qe3 Rc8 39. Ba3 Nb7 40. Rc6 Qd7 41. h3 Nd8 42. R6c4 Nf7 43. Qc3 Ng5 44. g4 Qf7 45. Rf1 Qg6 46. Rf5 h5 47. Qe3 Nh7 48. Rxh5 Nf6 49. Rf5 Nxg4 50. hxg4 Qxg4+ 51. Kf2 g6 52. Qg5 Qxg5 53. Rxg5 1-0